000 00532cam a22002174a 4500
005 20250605164345.0
008 250528s ||||||||||||||||||||||||d
035 _a23834
020 _a9780750625432
040 _aGR-AtMCL
_bgre
_dGR-AtMCL
_eAACR2
245 1 _aOrthopaedic medicine
250 _a1
260 _aUk
_bButterworth Heinemann,
_c1998
300 _a470
520 _aA practical approach
700 1 _aAtkins Elaine
_98660
700 1 _aKesson Monica
_98661
942 _cBK
999 _c8761
_d8761